|
|
|
|
| LEADER |
00000naa a2200000uu 4500 |
| 001 |
vtls010943367 |
| 003 |
SK-MaSNL |
| 005 |
20260302121417.0 |
| 008 |
210824|2004 xo |||||||||||||||||eng| |
| 015 |
|
|
|a SNBRA
|
| 035 |
|
|
|a (urnnbn)urn:nbn:sk:snk:ar-a0bdlx
|
| 035 |
|
|
|a (uuid)0f33ad90-0719-4a41-ab33-6cc2b3efbb01
|
| 035 |
|
|
|a urn:nbn:sk:snk-aau5u3
|
| 040 |
|
|
|a SNKBUCL
|b slo
|c SNKBUCL
|e AACR2
|
| 041 |
0 |
|
|a eng
|
| 044 |
|
|
|a xo
|c SK
|
| 100 |
1 |
|
|a Kut, Alp
|4 aut
|9 803374
|
| 245 |
1 |
0 |
|a Design a Web Service-Based Model for Running Parallel Applications
|c Alp Kut, Derya Birant
|
| 700 |
1 |
|
|a Birant, Derya
|4 aut
|9 803375
|
| 773 |
0 |
|
|t SOFSEM 2005 Communications
|d Bratislava : Slovenská informačná spoločnosť, 2004
|g S. [11]-19
|z 8096925547
|
| 958 |
|
|
|a OND
|
| 958 |
|
|
|a article11
|
| 958 |
|
|
|a chapter
|
| 999 |
|
|
|c 1273921
|d 1275851
|